Optimum array processing

Enregistré dans:
Détails bibliographiques
Auteur principal: Van Trees, Harry L (Auteur)
Format: Livre
Langue:anglais
Publié: Nueva York John Wiley 2002
Sujets:
Tags: Ajouter un tag
Pas de tags, Soyez le premier à ajouter un tag!

MARC

LEADER 00000nam a2200000 a 4500
001 UCL3099
003 CL-VaPUC
008 031114e20020000US |||||||||||||||||eng|d
020 |a 0471093904v.4 
082 0 4 |a 621.3822  |b VAN  |2 21 
100 0 |a Van Trees, Harry L  |e author  |9 480310 
245 1 0 |a Optimum array processing 
300 |a v 
942 |c BK 
945 |d 20031114 00:00:00  |a cmena 
260 |a Nueva York  |b John Wiley  |c 2002 
500 |a v.4: Detection, estimation, and modulation theory 
650 0 |a Telecomunicaciones   |9 257195 
650 0 |a Teoría de señales  |9 450664 
650 0 |a Electrónica digital   |9 263160 
583 |a last modification  |c 20031114 00:00:00  |k Rodrigo Vera 
999 |c 306231  |d 306229 
952 |0 0  |1 0  |4 0  |6 621_382200000000000_VAN_2002  |7 0  |8 A  |9 371086  |a BIBING  |b BIBING  |d 2019-11-21  |h v.4  |i 3950816  |o 621.3822 VAN 2002  |p 3950816  |r 2025-01-20  |w 2019-11-21  |y BK  |k EIE